| 000 | 004400000a22001810004500 | ||
|---|---|---|---|
| 003 | MACL | ||
| 005 | 20160121114439.0 | ||
| 008 | 160121b xxu||||| |||| 00| 0 eng d | ||
| 040 |
_aMACL _cmacl |
||
| 041 | _aEnglish | ||
| 082 | _a332.1/VER | ||
| 100 |
_aVerma, & Khanna _933821 |
||
| 245 | _aBanks Recruments Tests | ||
| 260 |
_bUpkar Prakashan _c1999 _aAgra |
||
| 350 | _a67 | ||
| 650 |
_aEconomics _933822 |
||
| 942 |
_cBK _k332.1/Upk _2ddc |
||
| 999 |
_c32824 _d32824 |
||